banner-ar

جمال عبد الناصر الرجل و المعجزة / (Record no. 45985)

MARC details
000 -الفاتح
حقل البيانات ثابتة الطول 00609nam a2200217Ia 4500
008 - عناصر البيانات ثابتة الطول - معلومات عامة
حقل البيانات ثابتة الطول 140319s9999 xx 000 0 ara d
040 ## - مصدر الفهرسة
وكالة الفهرسة الأصلية GCL /
وكالة النسخ GCL
082 04 - رقم تصنيف ديوى العشرى
رقم التصنيف ق 962.60
رقم المادة ر ج
100 1# - المدخل الرئيسى - إسم شخصى
الإسم الشخصى راناث
245 10 - بيان العنوان
العنوان جمال عبد الناصر الرجل و المعجزة /
بيان المسئوليه,etc راناث
700 1# - المدخل الاضافى - اسم شخصى
الإسم الشخصى ديوان بير
700 1# - المدخل الاضافى - اسم شخصى
الإسم الشخصى عبدالعظيم رجب القراوى
300 ## - الوصف المادى
التعداد 166
490 ## - بيان السلسلة
عنوان السلسلة 100 قصة
رقم المجلد/ التعيين التسلسلي 0
650 04 - المدخل الاضافى بالموضوع-مصطلح موضوعى
مصطلح موضوعي العصر الحديث
650 04 - المدخل الاضافى بالموضوع-مصطلح موضوعى
مصطلح موضوعي مصر
650 04 - المدخل الاضافى بالموضوع-مصطلح موضوعى
مصطلح موضوعي مصر - تاريخ
650 04 - المدخل الاضافى بالموضوع-مصطلح موضوعى
مصطلح موضوعي جمال عبدالناصر
942 ## - عناصر المدخل الإضافي( كوها)
مصدر التصنيف او مخطط الترفيف Dewey Decimal Classification
Koha [default] item type كتاب
Holdings
حالة التراجع حالة الفقد حالة تلف ليس للاعارة المكان المؤقت الموقع الحالى تاريخ الاكتساب اجمالي اﻻعارات رقم الطلب الباركود تاريخ اخر مشاهدة تاريخ تفعيل السعر نوع وعاء كوها
        مكتبة القاهرة الكبرى مكتبة القاهرة الكبرى 03/26/2014   ق 962.60\ ر ج 112057 03/26/2014 03/26/2014 كتاب

Powered By

EGPV